| 000 | 00845cam a2200157 4500 | ||
|---|---|---|---|
| 001 | WB3535-20 | ||
| 008 | 000000n1999 000 0 eng u | ||
| 035 | _a(Sirsi) u102653 | ||
| 245 | _aAssessment method is rejected. | ||
| 260 | _c1999 | ||
| 490 |
_aPlanning (for the Natural and Built Environment) _v3 September 1999, 4(1) |
||
| 520 | _aFollowing research by the school of planning and housing at Edinburgh College of Art/Heriot-Watt University which calls for a good practice guide on local housing need assessments, a DETR study has rejected the need for developing a common method for calculating local housing needs. Local housing needs assessment: a review of current practice and the need for guidance, available from Edinburgh College of Art, tel: 0131 221 6164. £10. | ||
| 650 | _aHOUSING NEED | ||
| 690 | _aHOUSING | ||
| 942 | _n0 | ||
| 999 |
_c61648 _d61648 |
||